|
|
|
|
| LEADER |
00000cam a2200000 a 4500 |
| 001 |
vtls008692631 |
| 003 |
SK-MaSNL |
| 005 |
20260301205505.0 |
| 008 |
240318s2002 xr l f p 001 0 cze |
| 020 |
|
|
|a 8086659003
|q (brož.: 1. zv.)
|
| 020 |
|
|
|a 8086659038
|q (súbor)
|
| 040 |
|
|
|a SNK
|b slo
|c SNK
|e AACR2
|
| 041 |
0 |
|
|a cze
|
| 044 |
|
|
|a xr
|c CZ
|
| 072 |
|
7 |
|a 54
|x Chémia. Mineralogické vedy
|2 konspekt
|
| 080 |
|
|
|a 663/664:54
|2 2001
|
| 080 |
|
|
|a (075.8)
|2 2001
|
| 100 |
1 |
|
|a Velíšek, Jan, 1946-
|4 aut
|9 401110
|
| 245 |
1 |
0 |
|a Chemie potravin
|n 1
|c Jan Velíšek
|
| 250 |
|
|
|a 2. upr.vyd.
|
| 260 |
|
|
|a Tábor
|b OSSIS
|c 2002
|
| 300 |
|
|
|a 331 s.
|b obr.
|c 30 cm
|
| 650 |
0 |
7 |
|a potravinárska chémia
|2 SNKPH
|9 79367
|
| 650 |
0 |
7 |
|a Food chemistry
|2 SNKPHeng
|9 329988
|
| 655 |
|
7 |
|a učebnice vysokých škôl
|2 SNKPH
|9 70191
|
| 655 |
|
7 |
|a Textbooks (higher)
|2 SNKPHeng
|9 276436
|
| 919 |
|
|
|a 80-86659-00-3
|
| 999 |
|
|
|c 910293
|d 912223
|
| 952 |
|
|
|t snkVEL/1 663/664:54
|a SNKUST
|b SNKUST
|y PREZ
|7 0
|p 17A0508793
|o snkIB 71169/1
|i snk2006/11708
|8 4
|g 14.80
|0 0
|1 0
|4 0
|d 2006-06-05
|l 0
|r 2025-03-20 00:00:00
|w 2026-02-24
|